00313nam a2200121Ia 4500008004100000041000800041082001200049100002100061245004500082260002800127300002900155365000700184240624s9999 xx 000 0 und d aeng a330 BAU aBAUMOL WILLIAM J aGOOD CAPITALISM BAD CAPITALISM AND THE E c2008aNew DelhibOxford ax, : 321 : p. : cm. ; 22 cRS